Canadian mosaic II : 6 plays /

Bibliographic Details
Other Authors: Ravel, Aviva
Format: Book
Language:English
Published: Toronto ; Buffalo, NY : Simon & Pierre, [1996]
Subjects:

MARC

Tag First Indicator Second Indicator Subfields
LEADER 00000cam a2200000 a 4500
001 in00001376521
005 20151019173755.0
008 970226s1996 onc 000 0 eng
010 |a  97119834  
015 |a C96-932228-3 
019 |a 36042899 
020 |a 0889242747 
035 |a (OCoLC)36756127 
035 |9 AHL0098AM 
040 |a DLC  |c DLC  |d TXA  |d UtOrBLW 
043 |a n-cn--- 
049 |a TXAM 
050 0 0 |a PR9196.6  |b .C35 1996 
055 1 |a PS8315 
082 0 0 |a C812/.5408  |2 21 
245 0 0 |a Canadian mosaic II :  |b 6 plays /  |c edited by Aviva Ravel. 
246 3 |a Canadian mosaic 2 
246 3 |a Canadian mosaic two 
264 1 |a Toronto ;  |a Buffalo, NY :  |b Simon & Pierre,  |c [1996] 
264 4 |c ©1996 
300 |a 335 pages ;  |c 23 cm. 
336 |a text  |b txt  |2 rdacontent 
337 |a unmediated  |b n  |2 rdamedia 
338 |a volume  |b nc  |2 rdacarrier 
504 |a Includes bibliographical references. 
505 0 |a Beautiful deeds/De beaux gestes / Marie-Lyn Hammond -- Like the sun /Veralyn Warkentin -- Mom, dad, I'm living with a white girl / Marty Chan -- Gently down the stream / Aviva Ravel -- The house on Hermitage Road / Dirk McLean -- The golden door / W. Ray Towle. 
650 0 |a Canadian drama  |y 20th century. 
650 0 |a Canadian drama  |x Minority authors. 
650 0 |a College and school drama, Canadian. 
650 5 |a Canadian drama  |y 20th century. 
650 5 |a Canadian drama  |x Minority authors. 
650 5 |a College and school drama, Canadian (English) 
700 1 |a Ravel, Aviva. 
948 |a c:dm 
999 |a MARS 
999 f f |s 7f971091-f0a0-37af-bc84-23adfef5a3a9  |i 83322bb1-3c60-3bd5-b714-17cf855c0ad9  |t 0 
952 f f |p ric  |a Texas A&M University  |b Rellis Campus  |c Joint Library Facility  |d Remote Storage  |t 0  |e PR9196.6 .C35 1996  |h Library of Congress classification  |i unmediated -- volume  |m A14822216632 
998 f f |a PR9196.6 .C35 1996  |t 0  |l Remote Storage